000 00327nam a2200145Ia 4500
005 20251222140055.0
008 251222s1900||||xx |||||||||||||| ||spa||
020 _a9788429320350
082 _a234.23/G67
100 _aGonzáles Carvajal, Luis
245 0 _aLa Fe:
250 _a1ra ed.
264 _bSal Terrae
942 _cLIB
999 _c3722
_d3722